STUDIA PATAVINA. MAGGIO-AGOSTO 1995. RIVISTA DI SCIENZE RELIGIOSE. (Record n. 322853)

Dettagli MARC
000 -LEADER
fixed length control field 01752nas a2200277Ia 4500
001 - CONTROL NUMBER
control field L240-27480
003 - CONTROL NUMBER IDENTIFIER
control field IT-CnALBA
008 - FIXED-LENGTH DATA ELEMENTS--GENERAL INFORMATION
fixed length control field 170116c99999999xx |||||||||||| ||und||
040 ## - CATALOGING SOURCE
Original cataloging agency IT-CnALBA
Transcribing agency IT-CnALBA
041 ## - LANGUAGE CODE
Language code of text/sound track or separate title ITALIANO
999 ## - SYSTEM CONTROL NUMBERS (KOHA)
Koha Dewey Subclass [OBSOLETE] NO
100 ## - MAIN ENTRY--PERSONAL NAME
Personal name TRENTIN GIUSEPPE
210 ## - ABBREVIATED TITLE
Abbreviated title STUDIA PATAVINA
222 ## - KEY TITLE
Key title STUDIA PATAVINA
245 #0 - TITLE STATEMENT
Title STUDIA PATAVINA. MAGGIO-AGOSTO 1995. RIVISTA DI SCIENZE RELIGIOSE.
250 ## - EDITION STATEMENT
Edition statement 1a ed.
260 ## - PUBLICATION, DISTRIBUTION, ETC. (IMPRINT)
Place of publication, distribution, etc. PADOVA
Name of publisher, distributor, etc. SEMINARIO TIPOGRAFIA
Date of publication, distribution, etc. 1995 [1° Ed.:1995 - Ed.Ling.Originale: 1995]
300 ## - PHYSICAL DESCRIPTION
Extent 264 p.
310 ## - CURRENT PUBLICATION FREQUENCY
Current publication frequency QUADRIMESTRALE
362 ## - DATES OF PUBLICATION AND/OR SEQUENTIAL DESIGNATION
Dates of publication and/or sequential designation Fascicolo: 2 / Anno: 42 (1995)
500 ## - GENERAL NOTE
General note SIMPOSIO COMUNICAZIONE E VERITÀ. BRENA G.L. RENZO G. TURA E.R. DUPUYS J. BAZAN A. "SPLENDORE DELLA VERITÀ" FONDAMENTI TEOLOGICI DELLA MORALE. DIALETTICA DELLA COMUNICAZIONE. TEOLOGIA E COMUNICAZIONE. COMUNICAZIONE TRA LE CHIESE IN ALCUNI DOCUMENTI ECUMENICI. CRISTIANESIMO E PLURALISMO RELIGIOSO. L'ELEMENTO CRISTIANO IN CANTI ROMENI. CELEBRAZIONE EUCARISTICA E STRUTTURA FRATTALE. SCILIRONI C. RONCOLATO A. CEPRARA D.O. CATTEDRA DEI NON CREDENTI.
501 ## - WITH NOTE
With note Società San Paolo EM - Piazza San Paolo, 14 - 12051 ALBA (CN) (non commercial uses only) ® Copyright 2017
520 ## - SUMMARY, ETC.
Summary, etc. SIMPOSIO COMUNICAZIONE E VERITÀ. BRENA G.L. RENZO G. TURA E.R. DUPUYS J. BAZAN A. "SPLENDORE DELLA VERITÀ" FONDAMENTI TEOLOGICI DELLA MORALE. DIALETTICA DELLA COMUNICAZIONE. TEOLOGIA E COMUNICAZIONE. COMUNICAZIONE TRA LE CHIESE IN ALCUNI DOCUMENTI ECUMENICI. CRISTIANESIMO E PLURALISMO RELIGIOSO. L'ELEMENTO CRISTIANO IN CANTI ROMENI. CELEBRAZIONE EUCARISTICA E STRUTTURA FRATTALE. SCILIRONI C. RONCOLATO A. CEPRARA D.O. CATTEDRA DEI NON CREDENTI.
650 ## - SUBJECT ADDED ENTRY--TOPICAL TERM
Topical term or geographic name as entry element MISCELLANEA DI RELIGIONE
942 ## - ADDED ENTRY ELEMENTS (KOHA)
Koha item type RIVISTA
957 ## -
-- 1
999 ## - SYSTEM CONTROL NUMBERS (KOHA)
-- 1
Dati di copia
Withdrawn status Lost status Damaged status Not for loan Home library Current library Date acquired Total Checkouts Full call number Date last seen Price effective from Koha item type Public note
    Buone Condizioni Not For Loan ALBA - Biblioteca ALBA - Biblioteca 16/01/2017   L240-27480 16/01/2017 16/01/2017 RIVISTA (data import: 16 gennaio 2017) - By Epidotti, Vaglietti.
CREDITS: SOCIETA' SAN PAOLO Via A.Severo, 58 - ROMA (RM) & PERIODICI SAN PAOLO SRL Via Giotto, 36 MILANO & CISF Via Giotto, 36 MILANO & EDIZIONI SAN PAOLO SRL,  Piazza Soncino, 5 CINISELLO BALSAMO (MI) -- ITALY